| 000 | 00941nam a2200205Ia 4500 | ||
|---|---|---|---|
| 999 |
_c51067 _d51067 |
||
| 001 | 18024 | ||
| 003 | GE_BSU | ||
| 005 | 20240118121538.0 | ||
| 008 | 181216s1979||||ge |||||||||||||| ||geo|| | ||
| 040 | _cGE_BSU | ||
| 041 | _ageo | ||
| 080 | _a811.353(063) თ-77 | ||
| 100 |
_aთოფურია, ვარლამ _97713 |
||
| 245 |
_aშრომები. ტ. 3 : _bქართველურ ენათა საკითხები / _cვარლამ თოფურია; სარედ. კოლ.ივ. გიგინეიშვილი., გ. თოფურია და სხვ. რედ. ან. კიზირია. |
||
| 264 |
_aთბილისი : _bმეცნიერება, _c1979. |
||
| 300 |
_a343 გვ. ; _b23 სმ. |
||
| 653 | _aქართველურ ენათა საკითხები | ||
| 653 | _aქართველური ენები | ||
| 942 |
_cBK _2udc |
||